Bách khoa sức khỏe : Tiến sĩ y học giải đáp - Một vạn câu hỏi vì sao
Kiến thức về y dược, an toàn vệ sinh, chăm sóc sức khỏe và dĩnh dưỡng giúp cho đọc giả biết tự mình chăm sóc sức khỏe, phòng bệnh để có cuộc sống khỏe mạnh.
Enregistré dans:
| Auteur principal: | |
|---|---|
| Autres auteurs: | |
| Format: | Livre |
| Langue: | Vietnamese |
| Publié: |
H.
Hồng đức
2018
|
| Sujets: | |
| Tags: |
Ajouter un tag
Pas de tags, Soyez le premier à ajouter un tag!
|
| Thư viện lưu trữ: | Thư viện Trường Đại học Nam Cần Thơ |
|---|
| LEADER | 01099nam a22002057a 4500 | ||
|---|---|---|---|
| 001 | NCT_56126 | ||
| 008 | 190104b xxu||||| |||| 00| 0 vie d | ||
| 999 | |c 2710 |d 2710 | ||
| 020 | |a 9786048946166 |c 135000 | ||
| 082 | 0 | 4 | |2 23rd ed. |a 616 |b N312 |
| 100 | 1 | |a Lê Ninh |e Chủ biên | |
| 245 | 1 | 0 | |a Bách khoa sức khỏe : |b Tiến sĩ y học giải đáp - Một vạn câu hỏi vì sao |c Lê Ninh (chủ biên); Tô Phương Cường (dịch) |
| 260 | |a H. |b Hồng đức |c 2018 | ||
| 300 | |a 332 tr. |c 21cm | ||
| 520 | 3 | |a Kiến thức về y dược, an toàn vệ sinh, chăm sóc sức khỏe và dĩnh dưỡng giúp cho đọc giả biết tự mình chăm sóc sức khỏe, phòng bệnh để có cuộc sống khỏe mạnh. | |
| 653 | |a Y đa khoa | ||
| 700 | 1 | |a Tô Phương Cường |e Dịch | |
| 942 | |2 ddc |c BK | ||
| 952 | |0 0 |1 0 |2 ddc |4 0 |6 616_000000000000000_N312 |7 0 |9 14967 |a 000001 |b 000001 |d 2019-01-04 |o 616 N312 |p MD.14048 |r 2019-01-04 |v 135000.00 |w 2019-01-04 |y BK | ||
| 980 | |a Thư viện Trường Đại học Nam Cần Thơ | ||


